Generatívne navrhovanie prvkov automobilov a pracovných strojov

Salvato in:
Dettagli Bibliografici
Autore principale: Gavačová, Jana (Autore)
Altri autori: Vereš, Miroslav (Relatore della tesi)
Natura: Manoscritto Libro
Lingua:slovacco
Pubblicazione: 2015
Soggetti:
Accesso online:http://is.stuba.sk/zp/portal_zp.pl?podrobnosti=98248
Tags: Aggiungi Tag
Nessun Tag, puoi essere il primo ad aggiungerne!!

MARC

LEADER 00000ntm a22000003a 4500
001 stuzp35460
003 SK-STU
005 20160719152939.9
007 ta
008 150427s2015----xo-----f-mn---000-0-slo-d
040 |a STU  |b slo 
041 0 |a slo 
100 1 |a Gavačová, Jana  |u 020030  |4 aut  |U SjF Strojnícka fakulta  |T SjF Ústav dopravnej techniky a konštruovania  |X 48878  |U J0030  |Y 806  |7 A000048878 
242 0 1 |a Generative Design of components of automobiles and mobile working machines  |y eng 
245 1 0 |a Generatívne navrhovanie prvkov automobilov a pracovných strojov 
260 |c 2015 
300 |a 100 s. 
650 4 |a CAD  |2 slo 
650 4 |a dopravná technika  |2 slo 
650 4 |a mračno bodov  |2 slo 
650 4 |a generatívne navrhovanie  |2 slo 
650 4 |a interpolácia  |2 slo 
650 4 |a Rapid Prototyping  |2 slo 
650 4 |a CAD  |2 eng 
650 4 |a Generative Design  |2 eng 
650 4 |a surfaces  |2 eng 
650 4 |a cloud of points  |2 eng 
650 4 |a interpolation  |2 eng 
650 4 |a Rapid Prototyping  |2 eng 
700 1 |a Vereš, Miroslav  |4 ths  |X 2404  |7 A000002404 
856 4 |u http://is.stuba.sk/zp/portal_zp.pl?podrobnosti=98248 
996 |b 284J044475  |c J* 117757  |l JJST  |s P  |a 0  |w stuzp35460_0001 
SQL |a stuzp35460  |b DDZ  |c SLO  |d Generatívne navrhovanie prvkov automobilov a pracovných strojov  |e 48878  |f Gavačová, Jana  |g 020030  |h 2404  |i Vereš, Miroslav  |j 20150827  |k 65  |l 02  |m http://is.stuba.sk/zp/portal_zp.pl?podrobnosti=98248  |n D-DT  |o 5.2.3. dopravné stroje a zariadenia